Giáo trình thủy nông : Dùng để giảng dạy trong các trường Đại học Nông nghiệp

Uloženo v:
Podrobná bibliografie
Hlavní autor: Ngô, Đức Thiệu
Médium: Kniha
Jazyk:Undetermined
Vydáno: Hà Nội Nông nghiệp 1978
Témata:
Tagy: Přidat tag
Žádné tagy, Buďte první, kdo otaguje tento záznam!
Thư viện lưu trữ: Trung tâm Học liệu Trường Đại học Cần Thơ
LEADER 00627nam a2200193Ia 4500
001 CTU_12702
008 210402s9999 xx 000 0 und d
082 |a 631.7 
082 |b Th309 
100 |a Ngô, Đức Thiệu 
245 0 |a Giáo trình thủy nông : 
245 0 |b Dùng để giảng dạy trong các trường Đại học Nông nghiệp 
245 0 |c Ngô Đức Thiệu, Hà Ngọc Ngô 
260 |a Hà Nội 
260 |b Nông nghiệp 
260 |c 1978 
650 |a Drainage,Irrigation 
904 |i Minh, 961118 
980 |a Trung tâm Học liệu Trường Đại học Cần Thơ